000 01174cab a2200265 4500
001 ABS58470
008 090401t1998 xxu||||| |||| 00| 0 eng d
035 _a(Sirsi) u85235
041 _aeng
245 _aBecker Properties Ltd v Garden Court NW8 Property Co Ltd
260 _c1998
350 _a0
490 _aEstates Gazette
_v(9812) 21 March 1998, 135-144(10)
520 _aLT 22 January 1998. Appellant landlord owner of 13 flats. Notice of collective enfranchisement served on behalf of the tenants of nine of the flats under the Leasehold Reform, Housing and Urban Development Act 1993. LVT determined the purchase price as £62,300 and the landlord appealed contending for a higher value based on a higher yield and `hope value`. Held, appeal dismissed. Price affirmed as £62,300.
650 _aAPPROPRIATE YIELD
650 _aCOLLECTIVE ENFRANCHISEMENT
650 _aDETERMINATION OF PRICE
650 _aFLATS
650 _aHOPE VALUE
650 _aLEASEHOLD ENFRANCHISEMENT
650 _aLEASEHOLD REFORM, HOUSING AND URBAN DEVELOPMENT ACT 1993
690 _aLANDLORD AND TENANT-CASE LAW-LEASEHOLD REFORM
942 _n0
948 _c26/03/1998
999 _c53576
_d53576